000 00818cam a2200181 4500
001 WB3823-11
008 020626n2002 000 0 eng u
035 _a(Sirsi) u118542
245 _aRetail bounces back after bad year
260 _c2002
490 _aEstates Gazette
_v(0225) 22 June 2002, 40(1)
520 _aColliers CRE's latest research shows that retail rental returns have increased by 4.1% for the first half of 2002 and growth is expected to continue. However it also showed a North/South divide. The "UK retail report - mid year 2002" can be found at http://www.colliersmn.com/prod/ccgrd.nsf/Region/F7E6ED95B1D305E585256BE2004D408D?OpenDOcument
590 _aWB
650 _aRETAIL RENTAL GROWTH
650 _aRETAIL RENTS
690 _aPROPERTY-COMMERCIAL PROPERTY-RETAIL PROPERTY
942 _n0
999 _c70586
_d70586